<?xml version="1.0" encoding="UTF-8"?>
<record
    xmlns:xsi="http://www.w3.org/2001/XMLSchema-instance"
    xsi:schemaLocation="http://www.loc.gov/MARC21/slim http://www.loc.gov/standards/marcxml/schema/MARC21slim.xsd"
    xmlns="http://www.loc.gov/MARC21/slim">

  <leader>01412nab a22002057a 4500</leader>
  <datafield tag="999" ind1=" " ind2=" ">
    <subfield code="c">5792</subfield>
    <subfield code="d">5792</subfield>
  </datafield>
  <controlfield tag="003">OSt</controlfield>
  <controlfield tag="005">20260106194314.0</controlfield>
  <controlfield tag="008">190514b        xxu||||| |||| 00| 0 spa d</controlfield>
  <datafield tag="040" ind1=" " ind2=" ">
    <subfield code="c">PJ</subfield>
  </datafield>
  <datafield tag="100" ind1=" " ind2=" ">
    <subfield code="9">6700</subfield>
    <subfield code="a">Morquecho, Lara </subfield>
  </datafield>
  <datafield tag="245" ind1="1" ind2="0">
    <subfield code="a">Gesti&#xF3;n del per&#xED;odo probatorio con perspectiva de g&#xE9;nero /</subfield>
    <subfield code="c">Lara Morquecho. </subfield>
  </datafield>
  <datafield tag="300" ind1=" " ind2=" ">
    <subfield code="a">p. 30-41</subfield>
  </datafield>
  <datafield tag="505" ind1=" " ind2=" ">
    <subfield code="a">Sumario: I. Introducci&#xF3;n.&#x2014; II. El sistema de justicia en clave de g&#xE9;nero.&#x2014; III. La gesti&#xF3;n de la prueba con enfoque convencional.&#x2014;
IV. Algunas herramientas procesales para aplicar en la gesti&#xF3;n probatoria con perspectiva de g&#xE9;nero.&#x2014; V. La carga din&#xE1;mica de la prueba.&#x2014; VI. El principio de colaboraci&#xF3;n: indicios y buena fe procesal.&#x2014; VII. La distinci&#xF3;n entre institutos y la importancia de la carga din&#xE1;mica en materia de g&#xE9;nero como casos complejos.&#x2014; VIII. La perspectiva de g&#xE9;nero como pauta de interpretaci&#xF3;n de las mejores condiciones probatorias.&#x2014; IX. Jurisprudencia sobre la aplicaci&#xF3;n de la carga din&#xE1;mica de la prueba con perspectiva de g&#xE9;nero: &#xBF;es suficiente?&#x2014; X. Conclusiones.</subfield>
  </datafield>
  <datafield tag="505" ind1=" " ind2=" ">
    <subfield code="t">Si te interesa el texto, comunicate a koha@justierradelfuego.gov.ar</subfield>
  </datafield>
  <datafield tag="650" ind1=" " ind2="0">
    <subfield code="9">967</subfield>
    <subfield code="a">DERECHO DE FAMILIA</subfield>
  </datafield>
  <datafield tag="650" ind1=" " ind2="0">
    <subfield code="a">PRUEBA</subfield>
    <subfield code="9">1975</subfield>
  </datafield>
  <datafield tag="650" ind1=" " ind2="0">
    <subfield code="a">PERSPECTIVA DE G&#xC9;NERO</subfield>
    <subfield code="9">4044</subfield>
  </datafield>
  <datafield tag="773" ind1="0" ind2=" ">
    <subfield code="0">2844</subfield>
    <subfield code="9">3222</subfield>
    <subfield code="d">Buenos Aires : AbeledoPerrot, 1989-</subfield>
    <subfield code="t">Derecho de familia. N&#xB0; 116 - Septiembre 2024</subfield>
    <subfield code="z">18511201</subfield>
  </datafield>
  <datafield tag="942" ind1=" " ind2=" ">
    <subfield code="2">udc</subfield>
    <subfield code="c">ANA</subfield>
  </datafield>
</record>
